000 00204 a2200097 4500
001 9244
100 _aHusain, A.
245 _aThe quintessence of Islam
260 _a
_bAsia pub.
_c
090 _c7414
_d7414
942 _aNUST-CAE
_cM
_c34061
999 _c244317
_d244317